[Event "ODJM B 2024"]
[Site "Willingen GER"]
[Date "2024.05.20"]
[Round "3"]
[White "Haidekker, Kilian"]
[Black "Borgert, Alexander"]
[Result "0-1"]
[Termination "normal"]
[Board "13"]
[WhiteElo "1690"]
[BlackElo "1683"]
[WhiteClock "00:28:12"]
[BlackClock "00:35:33"]
[PlyCount "86"]
[WhiteFideId "34621741"]
[BlackFideId "16289188"]
[EventCountry "GER"]
[EventRounds "9"]
[EventType "swiss"]
[EventDate "2024.05.18"]

1. e4 {[%clk 01:30:59]} c5 {[%clk 01:30:53]} {[%emt 00:00:08]} 2. Nf3 {[%clk
01:31:21]} {[%emt 00:00:08]} Nc6 {[%clk 01:31:19]} {[%emt 00:00:04]} 3. d4
{[%clk 01:31:48]} {[%emt 00:00:02]} cxd4 {[%clk 01:31:44]} {[%emt 00:00:05]} 4.
Nxd4 {[%clk 01:32:15]} {[%emt 00:00:03]} g6 {[%clk 01:32:06]} {[%emt 00:00:08]}
5. Nc3 {[%clk 01:32:26]} {[%emt 00:00:19]} Bg7 {[%clk 01:32:30]} {[%emt
00:00:06]} 6. Be3 {[%clk 01:32:50]} {[%emt 00:00:07]} d6 {[%clk 01:32:39]}
{[%emt 00:00:21]} 7. Qd2 {[%clk 01:31:59]} {[%emt 00:01:20]} Nf6 {[%clk
01:32:38]} {[%emt 00:00:32]} 8. f3 {[%clk 01:31:34]} {[%emt 00:00:54]} Bd7
{[%clk 01:32:51]} {[%emt 00:00:17]} 9. O-O-O {[%clk 01:30:03]} {[%emt
00:02:01]} a6 {[%clk 01:33:05]} {[%emt 00:00:16]} 10. Kb1 {[%clk 01:27:29]}
{[%emt 00:03:04]} b5 {[%clk 01:29:26]} {[%emt 00:04:09]} 11. g4 {[%clk
01:17:41]} {[%emt 00:10:18]} h6 {[%clk 01:17:25]} {[%emt 00:12:31]} 12. h4
{[%clk 01:16:50]} {[%emt 00:01:22]} Nxd4 {[%clk 01:15:46]} {[%emt 00:02:09]}
13. Bxd4 {[%clk 01:14:01]} {[%emt 00:03:18]} Bc6 {[%clk 01:13:34]} {[%emt
00:02:42]} 14. Bg2 {[%clk 01:09:11]} {[%emt 00:05:21]} Kf8 {[%clk 00:43:55]}
{[%emt 00:30:08]} 15. g5 {[%clk 00:47:19]} {[%emt 00:22:22]} hxg5 {[%clk
00:43:53]} {[%emt 00:00:32]} 16. hxg5 {[%clk 00:41:42]} {[%emt 00:06:07]} Rxh1
{[%clk 00:42:26]} {[%emt 00:01:57]} 17. Rxh1 {[%clk 00:38:18]} Nh5 {[%clk
00:40:45]} {[%emt 00:06:04]} 18. Bxg7+ {[%clk 00:36:40]} {[%emt 00:02:09]} Kxg7
{[%clk 00:40:57]} {[%emt 00:00:19]} 19. f4 {[%clk 00:31:56]} {[%emt 00:05:13]}
Qb6 {[%clk 00:38:23]} {[%emt 00:03:03]} 20. Nd5 {[%clk 00:23:34]} {[%emt
00:08:53]} Bxd5 {[%clk 00:36:57]} {[%emt 00:01:56]} 21. exd5 {[%clk 00:23:31]}
{[%emt 00:00:33]} Rc8 {[%clk 00:35:33]} {[%emt 00:01:54]} 22. Re1 {[%clk
00:15:49]} {[%emt 00:08:12]} Kf8 {[%clk 00:26:15]} {[%emt 00:09:47]} 23. Bf3
{[%clk 00:14:12]} {[%emt 00:02:08]} Qc5 {[%clk 00:21:39]} {[%emt 00:05:06]} 24.
c3 {[%clk 00:08:59]} {[%emt 00:05:44]} Qc4 {[%clk 00:18:21]} {[%emt 00:03:47]}
25. Kc2 {[%clk 00:07:04]} {[%emt 00:02:24]} Qxf4 {[%clk 00:14:56]} {[%emt
00:03:55]} 26. Bxh5 {[%clk 00:03:34]} {[%emt 00:04:00]} Qxd2+ {[%clk 00:14:12]}
{[%emt 00:01:15]} 27. Kxd2 {[%clk 00:04:00]} {[%emt 00:00:04]} gxh5 {[%clk
00:14:23]} {[%emt 00:00:18]} 28. Ke3 {[%clk 00:02:07]} {[%emt 00:02:23]} Rc4
{[%clk 00:13:45]} {[%emt 00:01:08]} 29. Rh1 {[%clk 00:02:04]} {[%emt 00:00:34]}
h4 {[%clk 00:13:39]} {[%emt 00:00:37]} 30. Kf3 {[%clk 00:02:04]} {[%emt
00:00:29]} a5 {[%clk 00:12:46]} {[%emt 00:01:23]} 31. Rc1 {[%clk 00:02:04]}
{[%emt 00:00:30]} b4 {[%clk 00:11:22]} {[%emt 00:01:54]} 32. a3 {[%clk
00:01:23]} {[%emt 00:01:11]} Kg7 {[%clk 00:10:37]} {[%emt 00:01:15]} 33. axb4
{[%clk 00:01:26]} {[%emt 00:00:28]} axb4 {[%clk 00:10:58]} {[%emt 00:00:08]}
34. Re1 {[%clk 00:00:58]} {[%emt 00:00:58]} bxc3 {[%clk 00:09:41]} {[%emt
00:01:47]} 35. bxc3 {[%clk 00:01:14]} {[%emt 00:00:14]} Rxc3+ {[%clk 00:09:37]}
{[%emt 00:00:34]} 36. Kg4 {[%clk 00:01:07]} {[%emt 00:00:37]} Kf8 {[%clk
00:08:39]} {[%emt 00:01:28]} 37. Kxh4 {[%clk 00:01:01]} {[%emt 00:00:36]} Rd3
{[%clk 00:08:04]} {[%emt 00:01:05]} 38. Kh5 {[%clk 00:00:57]} {[%emt 00:00:34]}
Rxd5 {[%clk 00:07:47]} {[%emt 00:00:47]} 39. Kh6 {[%clk 00:00:58]} {[%emt
00:00:29]} Rd2 {[%clk 00:05:41]} {[%emt 00:02:35]} 40. Kh5 {[%clk 00:00:45]}
{[%emt 00:00:44]} Rf2 {[%clk 00:04:59]} {[%emt 00:01:11]} 41. g6 {[%clk
00:28:59]} {[%emt 00:02:17]} fxg6+ {[%clk 00:34:54]} {[%emt 00:00:35]} 42. Kxg6
{[%clk 00:29:20]} {[%emt 00:00:09]} e5 {[%clk 00:35:10]} {[%emt 00:00:13]} 43.
Rb1 {[%clk 00:28:12]} {[%emt 00:01:39]} Ke7 {[%clk 00:35:33]} {[%emt 00:00:07]}
0-1

[Event "ODJM B 2024"]
[Site "Willingen GER"]
[Date "2024.05.20"]
[Round "3"]
[White "Eitel, Luc"]
[Black "Walter, Richard"]
[Result "0-1"]
[Termination "normal"]
[Board "14"]
[WhiteElo "1734"]
[BlackElo "1719"]
[WhiteClock "00:16:16"]
[BlackClock "00:51:09"]
[PlyCount "70"]
[WhiteFideId "16299728"]
[BlackFideId "34620028"]
[EventCountry "GER"]
[EventRounds "9"]
[EventType "swiss"]
[EventDate "2024.05.18"]

1. e4 {[%clk 01:30:57]} {[%emt 00:00:02]} c6 {[%clk 01:30:57]} {[%emt
00:00:05]} 2. d4 {[%clk 01:31:24]} {[%emt 00:00:03]} d5 {[%clk 01:31:24]}
{[%emt 00:00:02]} 3. Nd2 {[%clk 01:31:48]} {[%emt 00:00:06]} dxe4 {[%clk
01:31:51]} {[%emt 00:00:03]} 4. Nxe4 {[%clk 01:32:14]} {[%emt 00:00:04]} Nf6
{[%clk 01:32:17]} {[%emt 00:00:04]} 5. Nxf6+ {[%clk 01:32:27]} {[%emt
00:00:17]} exf6 {[%clk 01:32:43]} {[%emt 00:00:04]} 6. c3 {[%clk 01:32:50]}
{[%emt 00:00:07]} Bd6 {[%clk 01:33:10]} {[%emt 00:00:04]} 7. Bd3 {[%clk
01:33:09]} {[%emt 00:00:10]} O-O {[%clk 01:33:36]} {[%emt 00:00:04]} 8. Qc2
{[%clk 01:33:36]} {[%emt 00:00:04]} Re8+ {[%clk 01:34:02]} {[%emt 00:00:03]} 9.
Ne2 {[%clk 01:33:59]} {[%emt 00:00:07]} h5 {[%clk 01:34:30]} {[%emt 00:00:02]}
10. O-O {[%clk 01:34:18]} {[%emt 00:00:11]} h4 {[%clk 01:34:43]} {[%emt
00:00:18]} 11. h3 {[%clk 01:34:42]} {[%emt 00:00:06]} Nd7 {[%clk 01:34:47]}
{[%emt 00:00:26]} 12. Be3 {[%clk 01:35:00]} {[%emt 00:00:11]} Nf8 {[%clk
01:35:06]} {[%emt 00:00:11]} 13. c4 {[%clk 01:34:35]} {[%emt 00:00:56]} Be6
{[%clk 01:34:26]} {[%emt 00:01:09]} 14. Rad1 {[%clk 01:34:31]} {[%emt
00:00:33]} Qd7 {[%clk 01:31:47]} {[%emt 00:03:10]} 15. Rfe1 {[%clk 01:31:01]}
{[%emt 00:04:01]} Bxh3 {[%clk 01:23:21]} {[%emt 00:08:55]} 16. gxh3 {[%clk
01:30:56]} {[%emt 00:00:35]} Qxh3 {[%clk 01:23:44]} {[%emt 00:00:07]} 17. Bf5
{[%clk 01:29:10]} {[%emt 00:02:16]} Qf3 {[%clk 01:21:32]} {[%emt 00:02:42]} 18.
Nc3 {[%clk 01:05:27]} {[%emt 00:24:13]} g6 {[%clk 01:12:02]} {[%emt 00:10:00]}
19. Be4 {[%clk 01:01:50]} {[%emt 00:04:06]} Qg4+ {[%clk 01:12:09]} {[%emt
00:00:24]} 20. Kf1 {[%clk 01:00:39]} {[%emt 00:01:41]} Bb4 {[%clk 01:10:59]}
{[%emt 00:01:40]} 21. f3 {[%clk 00:58:36]} {[%emt 00:02:33]} Qh5 {[%clk
01:09:04]} {[%emt 00:02:25]} 22. Qg2 {[%clk 00:55:32]} {[%emt 00:03:24]} h3
{[%clk 01:06:16]} {[%emt 00:03:28]} 23. Qg3 {[%clk 00:50:13]} {[%emt 00:05:39]}
f5 {[%clk 01:06:08]} {[%emt 00:00:48]} 24. Bb1 {[%clk 00:49:32]} {[%emt
00:00:31]} Bd6 {[%clk 01:01:00]} {[%emt 00:06:18]} 25. Bf4 {[%clk 00:41:23]}
{[%emt 00:08:39]} Rxe1+ {[%clk 00:57:09]} {[%emt 00:04:21]} 26. Rxe1 {[%clk
00:39:50]} {[%emt 00:02:03]} Bxf4 {[%clk 00:57:33]} {[%emt 00:00:06]} 27. Qxf4
{[%clk 00:39:05]} {[%emt 00:01:14]} Ne6 {[%clk 00:57:58]} {[%emt 00:00:06]} 28.
Qg3 {[%clk 00:37:30]} {[%emt 00:01:22]} Nxd4 {[%clk 00:56:43]} {[%emt
00:02:28]} 29. Kf2 {[%clk 00:37:11]} {[%emt 00:00:49]} Qh6 {[%clk 00:51:09]}
{[%emt 00:06:04]} 30. f4 {[%clk 00:29:36]} {[%emt 00:08:04]} Ne6 {[%clk
00:49:54]} {[%emt 00:01:46]} 31. Ne2 {[%clk 00:26:27]} {[%emt 00:03:39]} Rd8
{[%clk 00:50:02]} {[%emt 00:00:21]} 32. Rh1 {[%clk 00:25:53]} {[%emt 00:01:04]}
Rd2 {[%clk 00:50:27]} {[%emt 00:00:06]} 33. Ke3 {[%clk 00:24:04]} {[%emt
00:02:19]} Rxb2 {[%clk 00:50:31]} {[%emt 00:00:26]} 34. Rxh3 {[%clk 00:22:28]}
{[%emt 00:02:06]} Rxe2+ {[%clk 00:50:48]} {[%emt 00:00:13]} 35. Kxe2 {[%clk
00:16:16]} {[%emt 00:06:42]} Qxh3 {[%clk 00:51:09]} {[%emt 00:00:08]} 0-1

[Event "ODJM B 2024"]
[Site "Willingen GER"]
[Date "2024.05.20"]
[Round "3"]
[White "Wolterink, Jule"]
[Black "Neumeier, Konstantin"]
[Result "1/2-1/2"]
[Termination "normal"]
[Board "15"]
[WhiteElo "1728"]
[BlackElo "1710"]
[WhiteClock "00:15:55"]
[BlackClock "00:14:08"]
[PlyCount "62"]
[WhiteFideId "12981206"]
[BlackFideId "34608230"]
[EventCountry "GER"]
[EventRounds "9"]
[EventType "swiss"]
[EventDate "2024.05.18"]

1. d4 {[%clk 01:30:48]} {[%emt 00:00:05]} d5 {[%clk 01:30:57]} {[%emt
00:00:09]} 2. Nf3 {[%clk 01:31:14]} {[%emt 00:00:05]} Nf6 {[%clk 01:31:21]}
{[%emt 00:00:06]} 3. c3 {[%clk 01:31:41]} {[%emt 00:00:03]} e6 {[%clk
01:31:45]} {[%emt 00:00:06]} 4. Bf4 {[%clk 01:32:08]} {[%emt 00:00:03]} Bd6
{[%clk 01:32:11]} {[%emt 00:00:03]} 5. e3 {[%clk 01:32:34]} {[%emt 00:00:04]}
O-O {[%clk 01:32:32]} {[%emt 00:00:09]} 6. Nbd2 {[%clk 01:32:45]} {[%emt
00:00:20]} b6 {[%clk 01:32:45]} {[%emt 00:00:17]} 7. Bd3 {[%clk 01:31:53]}
{[%emt 00:01:23]} c5 {[%clk 01:31:12]} {[%emt 00:02:03]} 8. Ne5 {[%clk
01:30:25]} {[%emt 00:01:57]} Bb7 {[%clk 01:28:32]} {[%emt 00:03:09]} 9. O-O
{[%clk 01:28:47]} {[%emt 00:02:09]} Qc7 {[%clk 01:26:36]} {[%emt 00:02:26]} 10.
h3 {[%clk 01:25:57]} {[%emt 00:03:20]} Nbd7 {[%clk 01:24:56]} {[%emt 00:02:10]}
11. Ndf3 {[%clk 01:23:53]} {[%emt 00:02:34]} Ne4 {[%clk 01:17:45]} {[%emt
00:07:40]} 12. Qe2 {[%clk 01:17:29]} {[%emt 00:06:55]} Ndf6 {[%clk 01:13:07]}
{[%emt 00:05:08]} 13. Rac1 {[%clk 01:10:27]} {[%emt 00:07:33]} h6 {[%clk
01:06:44]} {[%emt 00:06:52]} 14. Ba6 {[%clk 01:07:17]} {[%emt 00:03:40]} Bxa6
{[%clk 01:06:40]} {[%emt 00:00:34]} 15. Qxa6 {[%clk 01:03:59]} {[%emt
00:03:48]} Nh5 {[%clk 01:05:31]} {[%emt 00:01:38]} 16. Bh2 {[%clk 01:00:21]}
{[%emt 00:04:09]} Kh7 {[%clk 00:59:40]} {[%emt 00:06:21]} 17. Qe2 {[%clk
00:51:29]} {[%emt 00:09:23]} Rac8 {[%clk 00:49:52]} {[%emt 00:10:17]} 18. Nd2
{[%clk 00:44:04]} {[%emt 00:07:55]} Nhf6 {[%clk 00:44:46]} {[%emt 00:05:36]}
19. Qd3 {[%clk 00:37:05]} {[%emt 00:07:29]} Kg8 {[%clk 00:43:54]} {[%emt
00:01:21]} 20. Rfd1 {[%clk 00:30:11]} {[%emt 00:07:25]} Nxd2 {[%clk 00:35:01]}
{[%emt 00:09:23]} 21. Qxd2 {[%clk 00:29:16]} {[%emt 00:01:25]} Ne4 {[%clk
00:35:23]} {[%emt 00:00:07]} 22. Qe2 {[%clk 00:28:10]} {[%emt 00:01:37]} Qe7
{[%clk 00:20:32]} {[%emt 00:15:22]} 23. Nf3 {[%clk 00:22:20]} {[%emt 00:06:19]}
Bxh2+ {[%clk 00:20:13]} {[%emt 00:00:48]} 24. Nxh2 {[%clk 00:22:36]} {[%emt
00:00:14]} Rfd8 {[%clk 00:17:35]} {[%emt 00:03:07]} 25. Nf3 {[%clk 00:21:26]}
{[%emt 00:01:42]} c4 {[%clk 00:16:22]} {[%emt 00:01:43]} 26. Nd2 {[%clk
00:20:05]} {[%emt 00:01:51]} Nxd2 {[%clk 00:16:34]} {[%emt 00:00:17]} 27. Rxd2
{[%clk 00:20:20]} {[%emt 00:00:16]} b5 {[%clk 00:16:52]} {[%emt 00:00:12]} 28.
e4 {[%clk 00:20:04]} {[%emt 00:00:47]} Qg5 {[%clk 00:16:33]} {[%emt 00:00:48]}
29. exd5 {[%clk 00:19:12]} {[%emt 00:01:22]} exd5 {[%clk 00:16:29]} {[%emt
00:00:33]} 30. Re1 {[%clk 00:17:55]} {[%emt 00:01:47]} Kf8 {[%clk 00:14:37]}
{[%emt 00:02:20]} 31. Qd1 {[%clk 00:15:55]} {[%emt 00:02:33]} Rc6 {[%clk
00:14:08]} {[%emt 00:00:57]} 1/2-1/2

[Event "ODJM B 2024"]
[Site "Willingen GER"]
[Date "2024.05.20"]
[Round "3"]
[White "Müller, Maximilian"]
[Black "Frydel, Marcel"]
[Result "0-1"]
[Termination "normal"]
[Board "16"]
[WhiteElo "1583"]
[BlackElo "1692"]
[WhiteClock "00:34:51"]
[BlackClock "00:21:44"]
[PlyCount "82"]
[WhiteFideId "34640282"]
[BlackFideId "16245733"]
[EventCountry "GER"]
[EventRounds "9"]
[EventType "swiss"]
[EventDate "2024.05.18"]

1. e4 {[%clk 01:30:59]} e5 {[%clk 01:30:56]} {[%emt 00:00:05]} 2. Nf3 {[%clk
01:31:23]} {[%emt 00:00:05]} Nf6 {[%clk 01:31:21]} {[%emt 00:00:05]} 3. d4
{[%clk 01:31:50]} {[%emt 00:00:04]} Nxe4 {[%clk 01:31:47]} {[%emt 00:00:05]} 4.
Bd3 {[%clk 01:32:15]} {[%emt 00:00:05]} d5 {[%clk 01:32:11]} {[%emt 00:00:06]}
5. Nxe5 {[%clk 01:32:39]} {[%emt 00:00:04]} Nd7 {[%clk 01:32:30]} {[%emt
00:00:12]} 6. Nxf7 {[%clk 01:32:45]} {[%emt 00:00:24]} Qe7 {[%clk 01:31:42]}
{[%emt 00:01:18]} 7. Qe2 {[%clk 01:33:01]} {[%emt 00:00:14]} Kxf7 {[%clk
01:08:10]} {[%emt 00:24:02]} 8. Qh5+ {[%clk 01:33:22]} {[%emt 00:00:09]} Kf6
{[%clk 01:08:23]} {[%emt 00:00:17]} 9. O-O {[%clk 01:31:04]} {[%emt 00:02:48]}
Qf7 {[%clk 01:02:03]} {[%emt 00:06:50]} 10. Qh4+ {[%clk 01:23:22]} {[%emt
00:08:12]} g5 {[%clk 00:50:17]} {[%emt 00:12:17]} 11. Bxg5+ {[%clk 01:21:55]}
{[%emt 00:01:56]} Nxg5 {[%clk 00:50:22]} {[%emt 00:00:24]} 12. Qf4+ {[%clk
01:22:20]} {[%emt 00:00:05]} Ke7 {[%clk 00:48:37]} {[%emt 00:02:16]} 13. Qxg5+
{[%clk 01:22:36]} {[%emt 00:00:14]} Nf6 {[%clk 00:48:09]} {[%emt 00:00:58]} 14.
Re1+ {[%clk 01:13:07]} {[%emt 00:09:58]} Kd8 {[%clk 00:47:00]} {[%emt
00:01:39]} 15. Nc3 {[%clk 00:56:36]} {[%emt 00:17:01]} Rg8 {[%clk 00:43:42]}
{[%emt 00:03:49]} 16. Qf4 {[%clk 00:55:26]} {[%emt 00:01:39]} Bd6 {[%clk
00:42:16]} {[%emt 00:01:56]} 17. Qh4 {[%clk 00:47:09]} {[%emt 00:08:47]} Rg4
{[%clk 00:36:24]} {[%emt 00:06:22]} 18. Qh6 {[%clk 00:46:52]} {[%emt 00:00:47]}
Bf4 {[%clk 00:35:03]} {[%emt 00:01:52]} 19. Qh3 {[%clk 00:46:12]} {[%emt
00:01:09]} Bd2 {[%clk 00:30:55]} {[%emt 00:04:38]} 20. Re2 {[%clk 00:42:38]}
{[%emt 00:04:05]} Bxc3 {[%clk 00:30:09]} {[%emt 00:01:16]} 21. bxc3 {[%clk
00:42:53]} {[%emt 00:00:14]} Rxd4 {[%clk 00:29:47]} {[%emt 00:00:52]} 22. Qh6
{[%clk 00:43:08]} {[%emt 00:00:16]} Rg4 {[%clk 00:29:43]} {[%emt 00:00:34]} 23.
Rae1 {[%clk 00:42:45]} {[%emt 00:00:53]} Qg7 {[%clk 00:29:14]} {[%emt
00:00:59]} 24. Qxg7 {[%clk 00:41:22]} {[%emt 00:01:53]} Rxg7 {[%clk 00:29:34]}
{[%emt 00:00:09]} 25. g3 {[%clk 00:41:29]} {[%emt 00:00:23]} Bg4 {[%clk
00:29:16]} {[%emt 00:00:48]} 26. Rd2 {[%clk 00:39:56]} {[%emt 00:02:02]} Re7
{[%clk 00:29:02]} {[%emt 00:00:45]} 27. Rb1 {[%clk 00:39:52]} {[%emt 00:00:35]}
c6 {[%clk 00:28:04]} {[%emt 00:01:27]} 28. Kg2 {[%clk 00:39:44]} {[%emt
00:00:38]} Kc7 {[%clk 00:27:04]} {[%emt 00:01:30]} 29. f3 {[%clk 00:39:08]}
{[%emt 00:01:06]} Bh5 {[%clk 00:26:52]} {[%emt 00:00:43]} 30. h3 {[%clk
00:39:24]} {[%emt 00:00:14]} Bg6 {[%clk 00:26:47]} {[%emt 00:00:34]} 31. g4
{[%clk 00:39:37]} {[%emt 00:00:17]} Rae8 {[%clk 00:26:54]} {[%emt 00:00:23]}
32. Kg3 {[%clk 00:39:29]} {[%emt 00:00:38]} Re3 {[%clk 00:26:02]} {[%emt
00:01:23]} 33. Kf4 {[%clk 00:37:46]} {[%emt 00:02:12]} Nd7 {[%clk 00:25:28]}
{[%emt 00:01:04]} 34. h4 {[%clk 00:36:23]} {[%emt 00:01:53]} Nc5 {[%clk
00:25:17]} {[%emt 00:00:41]} 35. Bxg6 {[%clk 00:36:13]} {[%emt 00:00:40]} hxg6
{[%clk 00:25:39]} {[%emt 00:00:09]} 36. c4 {[%clk 00:36:00]} {[%emt 00:00:41]}
dxc4 {[%clk 00:25:36]} {[%emt 00:00:34]} 37. h5 {[%clk 00:34:53]} {[%emt
00:01:38]} gxh5 {[%clk 00:25:48]} {[%emt 00:00:17]} 38. gxh5 {[%clk 00:35:17]}
{[%emt 00:00:05]} R3e6 {[%clk 00:25:42]} {[%emt 00:00:37]} 39. Rh2 {[%clk
00:34:51]} {[%emt 00:00:56]} Rh8 {[%clk 00:23:10]} {[%emt 00:03:02]} 40. Kg5
{[%clk 00:34:47]} {[%emt 00:00:34]} Re3 {[%clk 00:21:28]} {[%emt 00:02:13]} 41.
f4 {[%clk 00:34:51]} {[%emt 00:00:25]} Ne6+ {[%clk 00:21:44]} {[%emt 00:00:14]}
0-1

[Event "ODJM B 2024"]
[Site "Willingen GER"]
[Date "2024.05.20"]
[Round "3"]
[White "Menke, Raphael Wilhelm"]
[Black "Grunert, Heinrich"]
[Result "1/2-1/2"]
[Termination "normal"]
[Board "18"]
[WhiteElo "1776"]
[BlackElo "1668"]
[WhiteClock "00:49:56"]
[BlackClock "01:04:40"]
[PlyCount "46"]
[WhiteFideId "34621008"]
[BlackFideId "16213416"]
[EventCountry "GER"]
[EventRounds "9"]
[EventType "swiss"]
[EventDate "2024.05.18"]

1. e4 {[%clk 01:30:58]} {[%emt 00:00:01]} e6 {[%clk 01:30:55]} {[%emt
00:00:06]} 2. d4 {[%clk 01:31:25]} {[%emt 00:00:03]} d5 {[%clk 01:31:20]}
{[%emt 00:00:05]} 3. Nc3 {[%clk 01:31:51]} {[%emt 00:00:04]} Bb4 {[%clk
01:31:44]} {[%emt 00:00:06]} 4. e5 {[%clk 01:32:14]} {[%emt 00:00:07]} c5
{[%clk 01:32:05]} {[%emt 00:00:09]} 5. a3 {[%clk 01:32:35]} {[%emt 00:00:09]}
Bxc3+ {[%clk 01:32:28]} {[%emt 00:00:07]} 6. bxc3 {[%clk 01:32:54]} {[%emt
00:00:11]} Qa5 {[%clk 01:32:49]} {[%emt 00:00:09]} 7. Bd2 {[%clk 01:32:15]}
{[%emt 00:01:09]} Qa4 {[%clk 01:33:02]} {[%emt 00:00:17]} 8. Nf3 {[%clk
01:30:08]} {[%emt 00:02:36]} b6 {[%clk 01:33:08]} {[%emt 00:00:26]} 9. Be2
{[%clk 01:28:24]} {[%emt 00:02:12]} Ba6 {[%clk 01:32:58]} {[%emt 00:00:41]} 10.
Bxa6 {[%clk 01:26:58]} {[%emt 00:01:56]} Qxa6 {[%clk 01:33:23]} {[%emt
00:00:05]} 11. Qe2 {[%clk 01:25:59]} {[%emt 00:01:28]} Qxe2+ {[%clk 01:32:53]}
{[%emt 00:01:00]} 12. Kxe2 {[%clk 01:24:51]} {[%emt 00:01:39]} Nc6 {[%clk
01:30:48]} {[%emt 00:02:35]} 13. Be3 {[%clk 01:22:10]} {[%emt 00:03:11]} cxd4
{[%clk 01:29:38]} {[%emt 00:01:40]} 14. cxd4 {[%clk 01:18:25]} {[%emt
00:04:15]} Na5 {[%clk 01:28:32]} {[%emt 00:01:36]} 15. Nd2 {[%clk 01:18:21]}
{[%emt 00:00:34]} Rc8 {[%clk 01:28:14]} {[%emt 00:00:48]} 16. Rac1 {[%clk
01:18:00]} {[%emt 00:00:50]} Nc4 {[%clk 01:25:03]} {[%emt 00:03:42]} 17. Nxc4
{[%clk 01:14:48]} {[%emt 00:03:42]} Rxc4 {[%clk 01:25:06]} {[%emt 00:00:27]}
18. Kd3 {[%clk 01:10:55]} {[%emt 00:04:23]} Ne7 {[%clk 01:23:36]} {[%emt
00:01:59]} 19. f4 {[%clk 01:01:16]} {[%emt 00:10:10]} Kd7 {[%clk 01:21:25]}
{[%emt 00:02:41]} 20. g4 {[%clk 00:59:24]} {[%emt 00:02:21]} Rhc8 {[%clk
01:19:42]} {[%emt 00:02:14]} 21. c3 {[%clk 00:56:29]} {[%emt 00:03:25]} Rf8
{[%clk 01:08:20]} {[%emt 00:11:52]} 22. Rhf1 {[%clk 00:51:19]} {[%emt
00:05:39]} f5 {[%clk 01:05:07]} {[%emt 00:03:44]} 23. gxf5 {[%clk 00:49:56]}
{[%emt 00:01:53]} Rxf5 {[%clk 01:04:40]} {[%emt 00:00:57]} 1/2-1/2